The genera and subgenera of the sawflies of Canada and Alaska : (Registro nro. 828)

Detalles MARC
000 -CABECERA
Campo de control 01310nam a2200349 a 4500
005 - FECHA Y HORA DE LA ULTIMA TRANSACCION
Campo de control 20160107062857.0
008 - ELEMENTOS DE LONGITUD FIJA—INFORMACION GENERAL
Campo de control 920901t1992 xxca grb f001 0 eng d
020 ## - ISBN
ISBN 066014249X
040 ## - FUENTE DE CATALOGACIÓN
Agencia catalogadora original CSfA
Agencia transcriptora DLC
Agencia Modificadora CO-BoIAVH
041 ## - IDIOMA
Código de idioma para texto/pista de sonido o título separado Inglés
042 ## - AUTHENTICATION CODE
Authentication code lccopycat
043 ## - GEOGRAPHIC AREA CODE
Geographic area code n-cn---
-- n-us-ak
082 00 - NUMERO DE CLASIFICACION DECIMAL DEWEY
Número de clasificación 595.79
Número del ítem G69t
100 1# - ASIENTO PRINCIPAL--NOMBRE PERSONAL
Nombre personal Goulet, Henri.
9 (RLIN) 9367
245 14 - MENCION DE TITULO
Título The genera and subgenera of the sawflies of Canada and Alaska :
Parte restante del título Hymenoptera:Symphyta /
Mención de responsabilidad Henri Goulet.
260 ## - PUBLICACION, DISTRIBUCION, ETC. (PIE DE IMPRENTA)
Lugar de publicación, distribución, etc. Canada :
Nombre del editor, distribuidor, etc. Research Branch, Agriculture Canada,
Fecha de publicación, distribución, etc. 1992.
300 ## - DESCRIPCION FISICA
Extensión 235 paginas. :
Otros detalles físicos ilustraciones. ;
Dimensiones 23 x 15 cm.
490 1# - MENCION DE SERIE
Mención de serie Publication / Research Branch, Agriculture Canada ;
Designación numérica/secuencial del volumen 1876
500 ## - NOTA GENERAL
Nota general "Cat. no. A42-42/1992-20E"--T.p. verso.
504 ## - NOTA DE BIBLIOGRAFIA, ETC.
Nota de bibliografía Includes bibliographical references (p. 223-231) and index.
650 #0 - ASIENTO SECUNDARIO DE MATERIA - TERMINO TEMATICO
Término temático o nombre geográfico como elemento de entrada Sawflies.
9 (RLIN) 47693
650 #0 - ASIENTO SECUNDARIO DE MATERIA - TERMINO TEMATICO
Término temático o nombre geográfico como elemento de entrada Hymenoptera
Subdivisión geográfica Canada.
9 (RLIN) 47694
650 #0 - ASIENTO SECUNDARIO DE MATERIA - TERMINO TEMATICO
Término temático o nombre geográfico como elemento de entrada Hymenoptera
Subdivisión geográfica Alaska.
9 (RLIN) 47695
650 #6 - ASIENTO SECUNDARIO DE MATERIA - TERMINO TEMATICO
Término temático o nombre geográfico como elemento de entrada Hymenoptera
Subdivisión geográfica Canada
9 (RLIN) 47696
650 #6 - ASIENTO SECUNDARIO DE MATERIA - TERMINO TEMATICO
Término temático o nombre geográfico como elemento de entrada Hymenoptera
Subdivisión geográfica Alaska
9 (RLIN) 47697
650 #6 - ASIENTO SECUNDARIO DE MATERIA - TERMINO TEMATICO
Término temático o nombre geográfico como elemento de entrada Insecta
9 (RLIN) 3534
650 #4 - ASIENTO SECUNDARIO DE MATERIA - TERMINO TEMATICO
Término temático o nombre geográfico como elemento de entrada Insectos
Subdivisión de forma Estructura
9 (RLIN) 47698
830 #0 - ASIENTO SECUNDARIO DE SERIE--TITULO UNIFORME
Volume number/sequential designation 1876.
906 ## - LOCAL DATA ELEMENT F, LDF (RLIN)
a 7
b cbc
c copycat
d 3
e ncip
f 19
g y-gencatlg
942 ## - ELEMENTOS ADICIONALES (KOHA)
Sistema de clasificación Dewey Decimal Classification
Tipo de ítem Libro
Existencias
Withdrawn status Lost status Sistema de Clasificación Damaged status No para préstamo Colección Inventariado Ubicación Permanente Ubicación actual Fecha de adquisición Fuente de Valor Valor Total Checkouts Número topográfico Inventario / Código de Barras Date last seen Ejemplar Price effective from Forma de adquisición Tipo de material
    Dewey Decimal Classification     General Inventariado 2017 Bogotá Bogotá 23/08/1998 Instituto 39000.00   LB-595.79 G69t 001167 04/12/2012 Ej. 1 04/12/2012   Libro